Datum a čas kvízu
26.5
Celkem bodů
Celkový počet nahraných bodů na tomto kvízu bez doplňovacích otázek.
11.
Pořadí na kvízu
Konečné umístění týmu na tomto kvízu.
Zaznamenané odpovědi
| # | Otázka | Odpověď | Body | Výsledky |
|---|---|---|---|---|
| 1. | Hnutí SPD zveřejnilo na sociál... | někteří členové rodiny mají 6 prstů | 1 | |
| 2. | Společnost Air Baltic spustila... | Kunda | 1 | |
| 3. | V pondělí vyvrcholil 30. roční... | v Maďarsku | 1 | |
| 4. | V pondělí prohlásila polská sp... | CZC.cz | 1 | |
| 5. | 21letá Andrea Klementová z Tře... | přeplavala kanál La Manche | 0 | |
| 6. | Ve kterém americkém filmu z ro... | Ladíme! (Pitch Perfect) | 0 | |
| 7. | Francouzská hudební komedie s... | Piti Piti Pa | 0 | |
| 8. | V hudební animované pohádce Tr... | Justin Timberlake | 1 | |
| 9. | V Hříšném tanci si zahráli hla... | Frances, Baby | 0.5 | |
| 10. | Jak se jmenuje československý... | Kdyby tisíc klarinetů | 0 |